MAH: De las palabras a la acción: Guía para la implementación del Marco de Hyogo. Marco de Acción de Hyogo 2005 - 2015: Aumento de la resiliencia de las naciones y las comunidades ante los desastres

Saved in:
Bibliografiske detaljer
Corporate Authors: EIRD (Author), Banco Mundial (Author)
Format: Bog
Sprog:spansk
Udgivet: Ginebra Naciones Unidas 2007
Fag:
Tags: Tilføj Tag
Ingen Tags, Vær først til at tagge denne postø!

MARC

LEADER 00000nam a2200000 a 4500
001 UCG1178
003 CL-VaPUC
008 100422e20070000SZ |||||||||||||||||spa|d
082 0 4 |a 362.5  |b EIR  |2 21 
110 2 |a EIRD  |e author  |9 548958 
710 2 |a Banco Mundial  |e author  |9 548959 
245 1 0 |a MAH: De las palabras a la acción: Guía para la implementación del Marco de Hyogo. Marco de Acción de Hyogo 2005 - 2015: Aumento de la resiliencia de las naciones y las comunidades ante los desastres 
300 |a 166 p 
942 |c BK 
945 |d 20100422 00:00:00  |a dcastane 
260 |a Ginebra  |b Naciones Unidas  |c 2007 
600 0 7 |a EIRD ESTRATEGIA INTERNACIONAL PARA LA REDUCCION DE DESASTRES  |2 CL-VaPUC  |9 548960 
650 0 |a Resiliencia  |9 484834 
650 0 |a Trabajo social   |9 307856 
650 0 |a Psicología social   |9 222894 
650 7 |a PROGRAMAS SOCIALES  |2 CL-VaPUC  |9 324718 
650 0 |a Problemas sociales  |9 258537 
583 |a last modification  |c 20100422 00:00:00  |k Rodrigo Vera 
999 |c 340604  |d 340602 
952 |0 0  |1 0  |4 0  |6 362_500000000000000_EIR_2007  |7 0  |8 A  |9 435462  |a BIBGIM  |b BIBGIM  |d 2019-11-22  |i 4663292  |o 362.5 EIR 2007  |p 4663292  |r 2025-01-15  |w 2019-11-22  |y BK  |k GIM